000 00419nam a2200109Ia 4500
008 160909s9999 xx 000 0 und d
100 _aBaxter, Matthew Jack
245 _aExplaining the relationship between the identification of academics with self-leadership: A study of MBA graduates
260 _bCapella University
_c2016
650 _aPSYCHOLOGY
856 _uhttp://pqdtopen.proquest.com/doc/1765446716.html?FMT=ABS
999 _c304107
_d304107